| 000 | 00518nam a2200217Ia 4500 | ||
|---|---|---|---|
| 003 | 0100 | ||
| 008 | 130303s9999 xx 000 0 und d | ||
| 020 | _a198274289 | ||
| 040 | _cARRUPELIB | ||
| 050 | _aJC71.P6A5441981 | ||
| 100 | _aAnnas, Julia | ||
| 245 | 3 | _aAn introduction to Plato's Republic | |
| 260 | _aOxford | ||
| 260 | _bClarendon Press | ||
| 260 | _C1981 | ||
| 300 | _aviii | ||
| 300 | _b 362p. 22cm. | ||
| 650 | _bMusic-Zimbabwe-History and criticism | ||
| 700 | _aJulia Annas | ||
| 942 | 0 | 0 | _02 |
| 999 |
_c15492 _d15492 |
||